|
|
|
|
| LEADER |
00000nab a22000001a 4500 |
| 001 |
vtls009353129 |
| 003 |
SK-MaSNL |
| 005 |
20260303054939.0 |
| 008 |
081024d193709 xo |r|p|||| |000 b|slo |
| 015 |
|
|
|a SNBRRBVU1918-1938
|
| 015 |
|
|
|a SNBRB1918-1938
|
| 038 |
|
|
|a SNKBUCL
|
| 038 |
|
|
|a SNKBUVU
|
| 040 |
|
|
|a SNKBUVU
|b slo
|c SNKBUCL
|e AACR2
|
| 041 |
0 |
|
|a slo
|
| 044 |
|
|
|a xo
|c SK
|
| 080 |
|
|
|a 75.071.1
|2 1997
|
| 080 |
|
|
|a 929 Mudroch, Ján
|2 1997
|
| 245 |
0 |
0 |
|a Maliar Ján Mudroch
|
| 600 |
1 |
7 |
|a Mudroch, Ján,
|d 1909-1968
|2 snkbucl
|9 118104
|
| 655 |
|
7 |
|a fotografie
|2 MM
|9 70713
|
| 773 |
0 |
|
|t Elán
|g Roč. 8, č. 1 (1937), s. 6
|
| 852 |
|
|
|a SNK
|b KIS3GCP
|
| 910 |
|
|
|a snkrbvumm
|
| 958 |
|
|
|a VY
|
| 999 |
|
|
|c 1725310
|d 1727240
|